El estado y los indígenas en tiempos del PAN : (Record no. 68935)
[ view plain ]
| 000 -LEADER | |
|---|---|
| fixed length control field | 00937cam a2200229 4500 |
| 005 - DATE AND TIME OF LATEST TRANSACTION | |
| control field | 20210325130827.0 |
| 008 - FIXED-LENGTH DATA ELEMENTS--GENERAL INFORMATION | |
| fixed length control field | 060214t20042004mx 000 0 spa u |
| 020 ## - INTERNATIONAL STANDARD BOOK NUMBER | |
| International Standard Book Number | 9707015241 |
| 245 03 - TITLE STATEMENT | |
| Title | El estado y los indígenas en tiempos del PAN : |
| Remainder of title | neoindigenismo, legalidad e identidad |
| Statement of responsibility, etc | / Rosalva Aída Hernández, Sarela Paz, María Teresa Sierra, coord. |
| 250 ## - EDITION STATEMENT | |
| Edition statement | 1a ed. |
| 260 ## - PUBLICATION, DISTRIBUTION, ETC. (IMPRINT) | |
| Place of publication, distribution, etc | México : |
| Name of publisher, distributor, etc | Miguel Ángel Porrúa, |
| Date of publication, distribution, etc | 2004. |
| 300 ## - PHYSICAL DESCRIPTION | |
| Extent | 386 p. ; |
| Dimensions | 23 cm. |
| 504 ## - BIBLIOGRAPHY, ETC. NOTE | |
| Bibliography, etc | Incluye bibliografías e índice. |
| 650 #4 - SUBJECT ADDED ENTRY--TOPICAL TERM | |
| Topical term or geographic name as entry element | Pueblos indígenas |
| Geographic subdivision | México |
| General subdivision | Derechos humanos. |
| 650 #4 - SUBJECT ADDED ENTRY--TOPICAL TERM | |
| Topical term or geographic name as entry element | Pueblos indÍgenas |
| General subdivision | Condición jurídica, leyes, etc. |
| Geographic subdivision | México |
| 650 #4 - SUBJECT ADDED ENTRY--TOPICAL TERM | |
| Topical term or geographic name as entry element | Indios de México |
| General subdivision | Relaciones con el gobierno |
| 700 1# - ADDED ENTRY--PERSONAL NAME | |
| Personal name | Hernández, Rosalva Aída, |
| Relator term | coordinadora |
| 700 1# - ADDED ENTRY--PERSONAL NAME | |
| Personal name | Paz, Sarela, |
| Relator term | coordinadora |
| 700 1# - ADDED ENTRY--PERSONAL NAME | |
| Personal name | Sierra, María Teresa, |
| Relator term | coordinadora |
| 942 ## - ADDED ENTRY ELEMENTS (KOHA) | |
| Source of classification or shelving scheme | Biblioteca del Cogreso de los Estados Unidos |
| Koha item type | Libro |
| Estado de pérdida | Fuente de clasificación | Estado del daño | No para préstamo | Ubicación permanente | Ubicación actual | Apartado o colección | Fecha de adquisición | Edición | Dependencia de educación superior (DES) | Área del conocimiento | Clasificación | Código de Barras | Date last seen | Número de copia | Tipo de recurso | Costo por reposición |
|---|---|---|---|---|---|---|---|---|---|---|---|---|---|---|---|---|
| Biblioteca del Cogreso de los Estados Unidos | Biblioteca de la Facultad de Derecho y Ciencias Sociales "Felipe J. Tena" | Biblioteca de la Facultad de Derecho y Ciencias Sociales "Felipe J. Tena" | General | 25/03/2021 | 1a ed. | Derecho | Ciencias Sociales y Administrativas | JC599.M6 E88 2004 | BFD000012371 | 25/03/2021 | 1 | Libro | 1.00 | |||
| Biblioteca del Cogreso de los Estados Unidos | Biblioteca del Instituto de Investigaciones Históricas | Biblioteca del Instituto de Investigaciones Históricas | General | 09/10/2018 | 1a ed. | Humanidades | Ciencias Sociales y Administrativas | JC599.M6 E78 2004 | IIH000026592 | 09/10/2018 | C:1 | Libro |